000
00314nam a22001217a 4500
999
_c
12008
_d
12008
020
_a
0-471-18041-6
082
_a
338.76
100
_a
James Wallace
245
_a
OverDrive
_b
Bill Gates and the Race to control Cyberspace
260
_a
Canada
_b
John Wiley and Sons
_c
1997
300
_a
xi, 307 pages
942
_c
BK